书目信息 |
| 题名: |
煤矿环保优秀论文集(一)
|
|
| 作者: | 《煤矿环境? | |
| 分册: | ||
| 出版信息: | 北京 煤炭工业出版社 1999.07 |
|
| 页数: | 395页 | |
| 开本: | 16开 | |
| 丛书名: | ||
| 单 册: | ||
| 中图分类: | X752-53 | |
| 科图分类: | ||
| 主题词: | 矿业--废物处理 , 矿业--废物综合利用 , 冶金工业废物--废物处理 , 冶金工业废物--废物综合利用 , 冶金工业废物 | |
| 电子资源: | ||
| ISBN: | 7-5020-1653-8 | |
| 000 | 00779nam0 2200241 45 | |
| 001 | 0010101122 | |
| 005 | 20001010112149.4 | |
| 010 | @a7-5020-1653-8@d98.00元 | |
| 100 | @a20001010d1999 km y0chiy0120 ea | |
| 101 | 0 | @achi |
| 105 | @a z 000yy | |
| 200 | 1 | @a煤矿环保优秀论文集(一)@AMei Kuang Huan Bao You Xiu Lun Wen Ji(Yi)@f《煤矿环境保护》编辑委员会编@F《Mei Kuang Huan Jing Bao Hu》Bian Ji Wei Yuan Hui Bian |
| 210 | @a北京@c煤炭工业出版社@d1999.07 | |
| 215 | @a395页@d16开 | |
| 606 | 0 | @a矿业@x废物处理 |
| 606 | 0 | @a矿业@x废物综合利用 |
| 606 | 0 | @a冶金工业废物@x废物处理 |
| 606 | 0 | @a冶金工业废物@x废物综合利用 |
| 606 | 0 | @a冶金工业废物 |
| 690 | @aX752-53@v3 | |
| 701 | 0 | @a《煤矿环境? |
| 801 | @aCN@bPftUser@c20001010 | |
| 905 | @b174214-215@dX752-53@eM:322@f2 | |
| 煤矿环保优秀论文集(一)/《煤矿环境保护》编辑委员会编.-北京:煤炭工业出版社,1999.07 |
| 395页;16开 |
| ISBN 7-5020-1653-8:98.00元 |
| ● |
| 相关链接 |
|
|
|
正题名:煤矿环保优秀论文集(一)
索取号:X752-53/M:322
 
预约/预借
| 序号 | 登录号 | 条形码 | 馆藏地/架位号 | 状态 | 备注 |
| 1 | 174214 | 201742141 | 自科库501/501自科库 109排1列4层/ [索取号:X752-53/M:322] | 在馆 | |
| 2 | 174215 | 201742150 | 自科库501/501自科库 109排1列4层/ [索取号:X752-53/M:322] | 在馆 |